Design and Realizations of Miniaturized Fractal RF and Microwave Filters / (Record no. 17100)
[ view plain ]
| 000 -LEADER | |
|---|---|
| fixed length control field | 01178cam a2200253 a 4500 |
| 001 - CONTROL NUMBER | |
| control field | 15696896 |
| 005 - DATE AND TIME OF LATEST TRANSACTION | |
| control field | 20170209150714.0 |
| 008 - FIXED-LENGTH DATA ELEMENTS--GENERAL INFORMATION | |
| fixed length control field | 090413s2009 njua b 001 0 eng |
| 020 ## - INTERNATIONAL STANDARD BOOK NUMBER | |
| International Standard Book Number | 047048781X (cloth) |
| 020 ## - INTERNATIONAL STANDARD BOOK NUMBER | |
| International Standard Book Number | 9780470487815 (cloth) |
| 082 00 - DEWEY DECIMAL CLASSIFICATION NUMBER | |
| Classification number | 621.3813224 |
| Edition number | 22 |
| Item number | JAR |
| 100 1# - MAIN ENTRY--PERSONAL NAME | |
| Personal name | Jarry, Pierre, |
| Dates associated with a name | 1946- |
| 9 (RLIN) | 31425 |
| 245 10 - TITLE STATEMENT | |
| Title | Design and Realizations of Miniaturized Fractal RF and Microwave Filters / |
| Statement of responsibility, etc | Pierre Jarry, Jacques Beneat. |
| 260 ## - PUBLICATION, DISTRIBUTION, ETC. (IMPRINT) | |
| Place of publication, distribution, etc | Hoboken, N.J. : |
| Name of publisher, distributor, etc | Wiley, |
| Date of publication, distribution, etc | c2009. |
| 300 ## - PHYSICAL DESCRIPTION | |
| Extent | xiv, 194 p. : |
| Other physical details | ill. ; |
| Dimensions | 25 cm. |
| 504 ## - BIBLIOGRAPHY, ETC. NOTE | |
| Bibliography, etc | Includes bibliographical references and index. |
| 505 0# - FORMATTED CONTENTS NOTE | |
| Formatted contents note | Microwave filter structures -- In-line synthesis of pseudo-elliptic filters -- Suspended substrate structure -- Miniaturization of planar resonators using fractal iterations -- Design and realizations of meandered line filters -- Design and realizations of hilbert filters -- Design and realization of dual mode minkowski filters. |
| 650 #0 - SUBJECT ADDED ENTRY--TOPICAL TERM | |
| Topical term or geographic name as entry element | Radio filters. |
| 9 (RLIN) | 31427 |
| 650 #0 - SUBJECT ADDED ENTRY--TOPICAL TERM | |
| Topical term or geographic name as entry element | Miniature electronic equipment. |
| 9 (RLIN) | 31428 |
| 653 ## - INDEX TERM--UNCONTROLLED | |
| Resource For college | |
| Arrived date list | November2012 |
| 650 #0 - SUBJECT ADDED ENTRY--TOPICAL TERM | |
| 9 (RLIN) | 31426 |
| Topical term or geographic name as entry element | Microwave filters |
| 700 1# - ADDED ENTRY--PERSONAL NAME | |
| Personal name | Beneat, Jacques, |
| Dates associated with a name | 1964- |
| 9 (RLIN) | 31429 |
| 942 ## - ADDED ENTRY ELEMENTS (KOHA) | |
| Source of classification or shelving scheme | Dewey Decimal Classification |
| Item type | Book - Borrowing |
| Withdrawn status | Item status | Source of classification or shelving scheme | Damaged status | Not for loan | Vendor | Home library | Current library | Shelving location | Date acquired | Source of acquisition | Cost, normal purchase price | Serial Enumeration / chronology | Total Checkouts | Total Renewals | Full call number | Barcode | Date last seen | Date last borrowed | Koha item type |
|---|---|---|---|---|---|---|---|---|---|---|---|---|---|---|---|---|---|---|---|
| Dewey Decimal Classification | Baccah | Central Library | Central Library | First floor | 22/11/2012 | 600.00 | 16429 | 1 | 1 | 621.3813224 JAR | 000027826 | 15/07/2025 | 22/11/2012 | Book - Borrowing |